000 00607nam a22001937a 4500
999 _c173094
_d173094
005 20200218130821.0
010 _aENG-127901
020 _c695.00
_a9780199493623
035 _aEN-111433
037 _bDBAD/PUB
082 _a336.54
100 _aReddy, Y.Venugopal
245 _aIndian fiscal federalism/
_cby Y.V. Reddy [and] G.R. Reddy
260 _aNew Delhi
_c2019
_bOxford University Press
270 _a2/11 Ground Floor,Ansari Road,Dariyaganj
_e110002
_bNew Delhi
300 _axvii;273p.
_b22(hb)
500 _aincludes bibliographical references and index
942 _2ddc
_cEN
_hRID
_k336.54